[Event "Figueira 2023"]
[Site "?"]
[Date "2023.11.10"]
[Round "7.11"]
[White "Sidhant, Mohapatra"]
[Black "Kaczmarek, Aleksander"]
[Result "0-1"]
[BlackElo "2331"]
[WhiteElo "2418"]
[LiveChessVersion "1.4.8"]

1. e4 c5 2. Nf3 e6 3. d4 cxd4 4. Nxd4 Nc6 5. Nc3 Qc7 6. Be3 a6 7. g4 b5 8. Nxc6
dxc6 9. Qf3 e5 10. g5 Bb4 11. h4 Ne7 12. h5 Be6 13. a3 Bd6 14. Bh3 Bxh3 15. Rxh3
Qd7 16. O-O-O Qe6 17. h6 g6 18. Qf6 Qxf6 19. gxf6 Nc8 20. b4 Kd7 21. f4 Ke6 22.
f5+ Kxf6 23. Rg3 Ke7 24. Rf1 a5 25. bxa5 Bxa3+ 26. Kb1 Rxa5 27. Bg5+ Ke8 28. Bf6
Rg8 29. Bg7 g5 30. Rxg5 Be7 31. f6 Bd6 32. Rd1 b4 33. Ne2 Kd7 34. Nd4 Nb6 35. Nb3
Rb5 36. Rg3 Na4 37. c4 bxc3 38. Kc2 Rgb8 39. Bf8 Rxb3 40. Rxd6+ Kc7 41. Rd1 Rb2+
42. Kd3 Rd8+ 43. Kd4 0-1

[Event "Figueira 2023"]
[Site "?"]
[Date "2023.11.10"]
[Round "7.12"]
[White "Jacobsen, Mikkel Manosri"]
[Black "Petkov, Vladimir"]
[Result "1-0"]
[BlackElo "2408"]
[WhiteElo "2261"]
[LiveChessVersion "1.4.8"]

1. c4 {[%clk 1:30:57]} e5 {[%clk 1:29:57]} 2. g3 {[%clk 1:31:22]} d6
{[%clk 1:29:48]} 3. Nc3 {[%clk 1:31:07]} g6 {[%clk 1:30:00]} 4. Bg2
{[%clk 1:31:17]} Bg7 {[%clk 1:30:16]} 5. d3 {[%clk 1:31:35]} Nc6 {[%clk 1:30:00]}
6. Rb1 {[%clk 1:31:11]} a5 {[%clk 1:29:48]} 7. a3 {[%clk 1:30:24]} h6
{[%clk 1:27:46]} 8. e3 {[%clk 1:26:23]} f5 {[%clk 1:26:56]} 9. Nge2
{[%clk 1:25:34]} Nf6 {[%clk 1:26:58]} 10. O-O {[%clk 1:24:30]} O-O
{[%clk 1:26:32]} 11. b4 {[%clk 1:21:48]} axb4 {[%clk 1:24:30]} 12. axb4
{[%clk 1:22:15]} Ne7 {[%clk 1:24:38]} 13. Bb2 {[%clk 1:05:42]} g5
{[%clk 1:22:33]} 14. f4 {[%clk 1:01:17]} Ng6 {[%clk 1:20:16]} 15. Nd5
{[%clk 0:58:35]} Nxd5 {[%clk 1:16:29]} 16. Bxd5+ {[%clk 0:57:24]} Kh7
{[%clk 1:15:24]} 17. Bg2 {[%clk 0:49:58]} c6 {[%clk 1:10:52]} 18. d4
{[%clk 0:44:55]} Qe7 {[%clk 0:58:57]} 19. Qd2 {[%clk 0:42:50]} Be6
{[%clk 0:54:50]} 20. Rfc1 {[%clk 0:37:55]} Rae8 {[%clk 0:52:38]} 21. fxe5
{[%clk 0:26:23]} dxe5 {[%clk 0:51:05]} 22. d5 {[%clk 0:26:17]} Rd8
{[%clk 0:50:18]} 23. e4 {[%clk 0:24:36]} f4 {[%clk 0:50:15]} 24. Rf1
{[%clk 0:23:05]} Bg4 {[%clk 0:44:50]} 25. Nc1 {[%clk 0:18:34]} fxg3
{[%clk 0:33:30]} 26. hxg3 {[%clk 0:18:49]} Rxf1+ {[%clk 0:33:28]} 27. Kxf1
{[%clk 0:18:44]} h5 {[%clk 0:28:26]} 28. Nd3 {[%clk 0:16:21]} cxd5
{[%clk 0:26:17]} 29. exd5 {[%clk 0:13:36]} Rf8+ {[%clk 0:23:21]} 30. Kg1
{[%clk 0:13:38]} e4 {[%clk 0:23:17]} 31. Re1 {[%clk 0:12:17]} Bf3
{[%clk 0:23:17]} 32. Bxg7 {[%clk 0:11:12]} Qxg7 {[%clk 0:23:26]} 33. Nc5
{[%clk 0:11:17]} h4 {[%clk 0:21:00]} 34. Ne6 {[%clk 0:11:22]} Qf6
{[%clk 0:18:40]} 35. Nxf8+ {[%clk 0:07:12]} Qxf8 {[%clk 0:19:05]} 36. Rxe4
{[%clk 0:00:55]} Bxe4 {[%clk 0:12:58]} 37. Bxe4 {[%clk 0:01:23]} Kh6
{[%clk 0:12:41]} 38. d6 {[%clk 0:01:48]} Ne5 {[%clk 0:10:04]} 39. gxh4
{[%clk 0:02:10]} Nf3+ {[%clk 0:10:19]} 40. Bxf3 {[%clk 0:32:36]} Qxf3
{[%clk 0:40:44]} 41. hxg5+ {[%clk 0:26:13]} 1-0

[Event "Figueira 2023"]
[Site "?"]
[Date "2023.11.10"]
[Round "7.13"]
[White "Maisuradze, Nino"]
[Black "Dhulipalla, Bala Chandra Prasad"]
[Result "1-0"]
[BlackElo "2408"]
[WhiteElo "2253"]
[LiveChessVersion "1.4.8"]

1. d4 Nf6 2. Nf3 d5 3. c4 c6 4. cxd5 cxd5 5. Nc3 Nc6 6. Bf4 Bf5 7. Ne5 Nd7 8.
Nxd7 Qxd7 9. e4 Bxe4 10. Nxe4 dxe4 11. d5 Nd8 12. Rc1 e5 13. Qb3 a6 14. Bxe5 Bd6
15. Bxg7 Rg8 16. Bd4 Rc8 17. Rd1 Qc7 18. g3 f5 19. Bh3 Qf7 20. Qa4+ Kf8 21. Bc3
Rc7 22. Bb4 Rg6 23. Bxd6+ Rxd6 24. Qb4 Rcd7 25. g4 Qf6 26. gxf5 Nf7 27. O-O Re7
28. Kh1 Qh4 29. Bg2 Rh6 30. h3 Ng5 31. f6 Rxf6 32. d6 Rd7 33. Qc5 Nf7 34. Qc8+
Rd8 35. d7 Rf3 36. Qc5+ Kg8 37. Rg1 Rxf2 38. Bf3+ 1-0

[Event "Figueira 2023"]
[Site "?"]
[Date "2023.11.10"]
[Round "7.14"]
[White "Lach, Aleksandra"]
[Black "Ghosh, Diptayan"]
[Result "0-1"]
[BlackElo "2570"]
[WhiteElo "2262"]
[LiveChessVersion "1.4.8"]

1. e4 e5 2. Bc4 Nf6 3. d3 Nc6 4. Nc3 Bc5 5. f4 d6 6. Nf3 exf4 7. Bxf4 O-O 8. Qd2
Be6 9. Bxe6 fxe6 10. O-O-O Bb4 11. Bg5 h6 12. Bh4 Qd7 13. Bxf6 Rxf6 14. d4 Ne7
15. Qd3 Bxc3 16. Qxc3 Rf7 17. Rhf1 Raf8 18. Nd2 Ng6 19. Rxf7 Rxf7 20. g3 Rf2 21.
h4 Qf7 22. Rg1 b6 23. Qd3 e5 24. d5 Nf8 25. b4 Nd7 26. Rf1 a5 27. a3 axb4 28.
axb4 Kh7 29. Kd1 Qh5+ 30. Ke1 Rh2 31. Rf2 Rh3 32. Qf3 Qxf3 33. Rxf3 Nf6 34. c4
Kg6 35. Ra3 Kh5 36. Nf1 Nxe4 37. Re3 Nf6 38. Kf2 Ng4+ 39. Kg2 Rh2+ 40. Nxh2 Nxe3+
41. Kf3 Nxc4 42. Ke4 b5 43. Kf5 Ne3+ 44. Ke6 e4 0-1

[Event "Figueira 2023"]
[Site "?"]
[Date "2023.11.10"]
[Round "7.15"]
[White "Stella, Andrea"]
[Black "Anustoop, Biswas"]
[Result "1/2-1/2"]
[BlackElo "2256"]
[WhiteElo "2431"]
[LiveChessVersion "1.4.8"]

1. Nf3 {[%clk 1:25:48]} d5 {[%clk 1:30:29]} 2. d4 {[%clk 1:26:06]} Nf6
{[%clk 1:30:55]} 3. c4 {[%clk 1:26:29]} e6 {[%clk 1:31:20]} 4. Nc3
{[%clk 1:26:47]} Be7 {[%clk 1:31:48]} 5. Bf4 {[%clk 1:26:59]} O-O
{[%clk 1:32:15]} 6. e3 {[%clk 1:27:17]} Nbd7 {[%clk 1:32:42]} 7. c5
{[%clk 1:26:16]} c6 {[%clk 1:31:43]} 8. Bd3 {[%clk 1:23:47]} b6 {[%clk 1:32:12]}
9. b4 {[%clk 1:23:48]} a5 {[%clk 1:32:41]} 10. a3 {[%clk 1:24:05]} Ba6
{[%clk 1:33:09]} 11. Bxa6 {[%clk 1:21:33]} Rxa6 {[%clk 1:33:37]} 12. O-O
{[%clk 1:21:14]} b5 {[%clk 1:32:13]} 13. h3 {[%clk 1:20:34]} Qc8 {[%clk 1:31:56]}
14. bxa5 {[%clk 1:00:40]} Rxa5 {[%clk 1:17:37]} 15. a4 {[%clk 1:00:07]} Ne4
{[%clk 1:17:10]} 16. Nxe4 {[%clk 0:56:40]} dxe4 {[%clk 1:16:10]} 17. Nd2
{[%clk 0:54:45]} e5 {[%clk 1:14:47]} 18. Bh2 {[%clk 0:48:55]} exd4
{[%clk 1:13:44]} 19. exd4 {[%clk 0:49:17]} f5 {[%clk 1:12:43]} 20. Qb3+
{[%clk 0:48:29]} Kh8 {[%clk 1:12:40]} 21. axb5 {[%clk 0:48:55]} Rxb5
{[%clk 1:12:46]} 22. Qe6 {[%clk 0:48:46]} Bf6 {[%clk 0:43:47]} 23. Nc4
{[%clk 0:38:13]} Nb6 {[%clk 0:37:51]} 24. Qxc8 {[%clk 0:37:54]} Nxc8
{[%clk 0:38:19]} 25. Ne5 {[%clk 0:34:10]} Ne7 {[%clk 0:38:21]} 26. Ra7
{[%clk 0:32:00]} Kg8 {[%clk 0:37:31]} 27. g4 {[%clk 0:25:25]} Rd8
{[%clk 0:31:42]} 28. gxf5 {[%clk 0:23:03]} Bxe5 {[%clk 0:32:05]} 29. Bxe5
{[%clk 0:19:10]} Nxf5 {[%clk 0:32:09]} 30. Kh1 {[%clk 0:12:56]} Rb3
{[%clk 0:32:01]} 31. Kh2 {[%clk 0:06:29]} Rf3 {[%clk 0:25:53]} 32. Kg2
{[%clk 0:05:35]} Nh4+ {[%clk 0:24:44]} 33. Kg1 {[%clk 0:04:04]} Rf7
{[%clk 0:24:24]} 34. Rfa1 {[%clk 0:03:26]} Nf3+ {[%clk 0:21:43]} 35. Kg2
{[%clk 0:03:53]} Nxe5 {[%clk 0:11:16]} 36. dxe5 {[%clk 0:04:21]} Re8
{[%clk 0:08:48]} 37. Ra8 {[%clk 0:03:08]} Rfe7 {[%clk 0:09:04]} 38. Rxe8+
{[%clk 0:03:32]} Rxe8 {[%clk 0:09:33]} 39. Ra6 {[%clk 0:03:50]} Rxe5
{[%clk 0:09:18]} 40. Rxc6 {[%clk 0:34:17]} Rg5+ {[%clk 0:39:34]} 41. Kf1
{[%clk 0:34:28]} Rh5 {[%clk 0:39:49]} 42. Kg2 {[%clk 0:34:43]} Rg5+
{[%clk 0:40:17]} 43. Kf1 {[%clk 0:34:51]} Rh5 {[%clk 0:40:38]} 44. Kg2
{[%clk 0:35:20]} 1/2-1/2

[Event "Figueira 2023"]
[Site "?"]
[Date "2023.11.10"]
[Round "7.16"]
[White "Sieciechowicz, Marcin"]
[Black "Chitlange, Sakshi"]
[Result "1/2-1/2"]
[BlackElo "2224"]
[WhiteElo "2407"]
[LiveChessVersion "1.4.8"]

1. d4 {[%clk 1:30:56]} d5 {[%clk 1:30:55]} 2. c4 {[%clk 1:31:13]} e6
{[%clk 1:31:21]} 3. Nc3 {[%clk 1:31:37]} Nf6 {[%clk 1:31:49]} 4. cxd5
{[%clk 1:32:00]} exd5 {[%clk 1:32:17]} 5. Bg5 {[%clk 1:32:20]} c6
{[%clk 1:32:39]} 6. Qc2 {[%clk 1:32:39]} h6 {[%clk 1:29:54]} 7. Bh4
{[%clk 1:32:55]} Be7 {[%clk 1:30:13]} 8. e3 {[%clk 1:33:13]} O-O {[%clk 1:30:37]}
9. Bd3 {[%clk 1:33:36]} Re8 {[%clk 1:30:56]} 10. h3 {[%clk 1:32:57]} a5
{[%clk 1:29:53]} 11. Nf3 {[%clk 1:32:27]} Nbd7 {[%clk 1:23:50]} 12. O-O
{[%clk 1:30:18]} Bd6 {[%clk 1:21:06]} 13. Rae1 {[%clk 1:26:26]} Be7
{[%clk 1:14:24]} 14. Bg3 {[%clk 1:23:24]} Nf8 {[%clk 1:12:37]} 15. Ne5
{[%clk 1:21:17]} Bd7 {[%clk 1:10:07]} 16. Na4 {[%clk 1:13:45]} Ne6
{[%clk 1:06:39]} 17. Bh4 {[%clk 1:08:38]} Ra7 {[%clk 1:00:18]} 18. Rc1
{[%clk 1:03:43]} Bc8 {[%clk 0:53:55]} 19. f4 {[%clk 0:52:36]} Nf8
{[%clk 0:48:15]} 20. Qb3 {[%clk 0:46:17]} N6d7 {[%clk 0:44:33]} 21. Bg3
{[%clk 0:41:14]} Nxe5 {[%clk 0:37:03]} 22. fxe5 {[%clk 0:41:17]} Ne6
{[%clk 0:31:19]} 23. Bb1 {[%clk 0:39:01]} g6 {[%clk 0:27:55]} 24. Nb6
{[%clk 0:33:48]} Ra6 {[%clk 0:24:19]} 25. Nxc8 {[%clk 0:31:26]} Qxc8
{[%clk 0:24:47]} 26. Bd3 {[%clk 0:26:04]} Ra8 {[%clk 0:24:12]} 27. Qc2
{[%clk 0:26:02]} Rf8 {[%clk 0:19:05]} 28. h4 {[%clk 0:23:05]} h5 {[%clk 0:18:45]}
29. Rf3 {[%clk 0:22:43]} Kg7 {[%clk 0:12:18]} 30. Qf2 {[%clk 0:20:28]} Qe8
{[%clk 0:09:43]} 31. Rf1 {[%clk 0:20:18]} Rc8 {[%clk 0:09:31]} 32. Kh2
{[%clk 0:18:47]} Rc7 {[%clk 0:09:16]} 33. a4 {[%clk 0:15:16]} Rd7
{[%clk 0:08:23]} 34. Bb1 {[%clk 0:14:38]} Bd8 35. Qc2 {[%clk 0:13:18]} Rc7
{[%clk 0:07:12]} 36. Be1 {[%clk 0:12:29]} b6 {[%clk 0:06:48]} 37. Qf2
{[%clk 0:11:17]} Rd7 {[%clk 0:06:03]} 38. Bd3 {[%clk 0:10:52]} Qe7
{[%clk 0:05:22]} 39. Qg3 {[%clk 0:09:04]} Qe8 {[%clk 0:04:11]} 40. b3
{[%clk 0:36:28]} Rc7 {[%clk 0:33:16]} 41. Qh3 {[%clk 0:31:48]} Rh8
{[%clk 0:31:47]} 42. Kg1 {[%clk 0:30:53]} Rd7 {[%clk 0:31:24]} 43. g4
{[%clk 0:27:48]} hxg4 {[%clk 0:30:53]} 44. Qxg4 {[%clk 0:28:12]} Rh6
{[%clk 0:30:20]} 45. Bf5 {[%clk 0:25:24]} Kg8 {[%clk 0:25:44]} 46. Kg2
{[%clk 0:23:28]} Rh5 {[%clk 0:24:14]} 47. Bd3 {[%clk 0:19:43]} Rh6
{[%clk 0:21:57]} 48. Bf5 {[%clk 0:18:12]} Rh5 {[%clk 0:22:03]} 49. Bg3
{[%clk 0:18:28]} Rh6 {[%clk 0:19:55]} 50. R3f2 {[%clk 0:15:01]} Rh5
{[%clk 0:16:51]} 51. Bxe6 {[%clk 0:14:52]} Qxe6 {[%clk 0:17:12]} 52. Qxe6
{[%clk 0:14:33]} fxe6 {[%clk 0:17:41]} 53. Rf8+ {[%clk 0:12:00]} Kg7
{[%clk 0:18:09]} 54. Re8 {[%clk 0:12:00]} Be7 {[%clk 0:13:32]} 55. Rf4
{[%clk 0:09:24]} Rh8 {[%clk 0:12:57]} 56. Rxh8 {[%clk 0:08:29]} Kxh8
{[%clk 0:13:26]} 57. Rf1 {[%clk 0:08:00]} Kg7 {[%clk 0:12:33]} 58. Kf3
{[%clk 0:07:58]} Rd8 {[%clk 0:11:54]} 59. Rc1 {[%clk 0:07:59]} Rc8
{[%clk 0:11:19]} 60. Kg4 {[%clk 0:06:50]} Kf7 {[%clk 0:10:22]} 61. Rf1+
{[%clk 0:07:10]} Kg7 {[%clk 0:09:38]} 62. Rc1 {[%clk 0:07:37]} Kf7
{[%clk 0:10:03]} 1/2-1/2

[Event "Figueira 2023"]
[Site "?"]
[Date "2023.11.10"]
[Round "7.17"]
[White "Romanishin, Oleg M"]
[Black "Fernandes, Joao Pedro Murtinho"]
[Result "1-0"]
[BlackElo "2149"]
[WhiteElo "2389"]
[LiveChessVersion "1.4.8"]

1. Nf3 {[%clk 1:30:57]} c5 {[%clk 1:30:51]} 2. g3 {[%clk 1:31:03]} Nc6
{[%clk 1:31:13]} 3. Bg2 {[%clk 1:31:23]} g6 {[%clk 1:31:24]} 4. c4
{[%clk 1:30:09]} Bg7 {[%clk 1:31:38]} 5. Nc3 {[%clk 1:30:25]} e6 {[%clk 1:30:00]}
6. O-O {[%clk 1:04:51]} Nge7 {[%clk 1:28:26]} 7. e3 {[%clk 1:00:43]} O-O
{[%clk 1:24:19]} 8. d4 {[%clk 1:00:45]} cxd4 {[%clk 1:21:59]} 9. Nxd4
{[%clk 0:58:30]} d5 {[%clk 1:17:17]} 10. cxd5 {[%clk 0:56:05]} Nxd4
{[%clk 1:15:09]} 11. exd4 {[%clk 0:55:12]} Nxd5 {[%clk 1:15:13]} 12. Qb3
{[%clk 0:50:24]} Bxd4 {[%clk 1:04:33]} 13. Nxd5 {[%clk 0:43:17]} exd5
{[%clk 1:04:55]} 14. Bh6 {[%clk 0:43:32]} Bg7 {[%clk 1:04:07]} 15. Bxg7
{[%clk 0:43:04]} Kxg7 {[%clk 1:04:31]} 16. Bxd5 {[%clk 0:42:58]} Rb8
{[%clk 0:53:31]} 17. Rfc1 {[%clk 0:37:04]} b6 {[%clk 0:46:46]} 18. Qc3+
{[%clk 0:28:16]} Kg8 {[%clk 0:46:48]} 19. Rd1 {[%clk 0:28:27]} Qe7
{[%clk 0:41:50]} 20. Re1 {[%clk 0:28:05]} Qd7 {[%clk 0:33:33]} 21. Rad1
{[%clk 0:23:57]} Bb7 {[%clk 0:32:10]} 22. Bg2 {[%clk 0:18:13]} Qf5
{[%clk 0:29:31]} 23. Re7 {[%clk 0:10:01]} Bxg2 {[%clk 0:27:51]} 24. Kxg2
{[%clk 0:10:27]} a5 {[%clk 0:23:58]} 25. Rd6 {[%clk 0:08:44]} Rfe8
{[%clk 0:09:21]} 26. Rxe8+ {[%clk 0:07:51]} Rxe8 {[%clk 0:09:46]} 27. Qd4
{[%clk 0:07:00]} Rb8 {[%clk 0:07:51]} 28. a3 {[%clk 0:06:25]} Qc5
{[%clk 0:07:37]} 29. Qxc5 {[%clk 0:05:21]} bxc5 {[%clk 0:08:02]} 30. Rd2
{[%clk 0:05:45]} Rb3 {[%clk 0:08:17]} 31. Rc2 {[%clk 0:05:15]} c4
{[%clk 0:08:11]} 32. h4 {[%clk 0:05:04]} h5 {[%clk 0:08:06]} 33. Rxc4
{[%clk 0:05:19]} Rxb2 {[%clk 0:08:29]} 34. Rc5 {[%clk 0:05:44]} a4
{[%clk 0:08:39]} 35. Rc4 {[%clk 0:06:02]} Ra2 {[%clk 0:08:59]} 36. Rxa4
{[%clk 0:06:24]} Kg7 {[%clk 0:09:23]} 37. Kf3 {[%clk 0:05:13]} Kf6
{[%clk 0:09:24]} 38. Ke3 {[%clk 0:04:22]} Kg7 {[%clk 0:08:38]} 39. Ra6
{[%clk 0:04:21]} Kg8 {[%clk 0:07:33]} 40. a4 {[%clk 0:34:14]} Kg7
{[%clk 0:37:34]} 41. f3 {[%clk 0:34:15]} Ra1 {[%clk 0:34:05]} 42. Ke4
{[%clk 0:32:57]} Ra3 {[%clk 0:33:53]} 43. Ra8 {[%clk 0:32:32]} Kf6
{[%clk 0:33:01]} 44. Kf4 {[%clk 0:32:27]} Ra1 {[%clk 0:32:31]} 45. Ra7
{[%clk 0:32:37]} Ra2 {[%clk 0:32:19]} 46. Ra6+ {[%clk 0:22:18]} Kg7
{[%clk 0:32:41]} 47. g4 {[%clk 0:20:49]} hxg4 {[%clk 0:28:58]} 48. fxg4
{[%clk 0:20:39]} Ra1 {[%clk 0:28:29]} 49. h5 {[%clk 0:19:38]} gxh5
{[%clk 0:25:59]} 50. gxh5 {[%clk 0:19:35]} Kh7 {[%clk 0:20:15]} 51. a5
{[%clk 0:13:44]} Rf1+ {[%clk 0:16:20]} 52. Ke4 {[%clk 0:13:55]} f5+
{[%clk 0:15:11]} 53. Ke5 {[%clk 0:13:57]} f4 {[%clk 0:14:49]} 54. Ke4
{[%clk 0:14:05]} f3 {[%clk 0:12:06]} 55. h6 {[%clk 0:09:36]} Rf2 {[%clk 0:10:18]}
56. Kf4 {[%clk 0:09:39]} Rf1 {[%clk 0:09:27]} 57. Ke3 {[%clk 0:10:01]} Kh8
{[%clk 0:09:07]} 58. Ra8+ {[%clk 0:06:25]} Kh7 {[%clk 0:09:31]} 59. a6
{[%clk 0:06:51]} f2 {[%clk 0:08:06]} 60. Ke2 {[%clk 0:07:07]} Ra1
{[%clk 0:07:35]} 61. Kxf2 {[%clk 0:07:30]} Kxh6 {[%clk 0:07:52]} 62. Ke3
{[%clk 0:07:50]} Kg7 {[%clk 0:07:39]} 63. Kd4 {[%clk 0:08:05]} Rf1
{[%clk 0:03:12]} 64. Ke5 {[%clk 0:05:19]} Ra1 {[%clk 0:02:31]} 65. Kd5
{[%clk 0:05:31]} Rf1 {[%clk 0:02:16]} 66. Rc8 {[%clk 0:04:18]} Ra1
{[%clk 0:01:44]} 67. Rc7+ {[%clk 0:04:07]} Kf6 {[%clk 0:02:04]} 68. a7
{[%clk 0:04:33]} Ra2 {[%clk 0:01:41]} 69. Kc6 {[%clk 0:04:44]} Ke6
{[%clk 0:01:18]} 70. Kb7 {[%clk 0:05:05]} Kd6 {[%clk 0:01:24]} 71. Rc6+
{[%clk 0:05:23]} Kd7 {[%clk 0:01:39]} 72. Rb6 {[%clk 0:05:24]} 1-0

[Event "Figueira 2023"]
[Site "?"]
[Date "2023.11.10"]
[Round "7.18"]
[White "Povshednyi, Ivan"]
[Black "Audi, Ameya"]
[Result "1/2-1/2"]
[BlackElo "2371"]
[WhiteElo "2230"]
[LiveChessVersion "1.4.8"]

1. Nf3 Nf6 2. d4 g6 3. b3 c5 4. dxc5 Qa5+ 5. Nbd2 Bg7 6. Bb2 Qxc5 7. e3 O-O 8. c4
b6 9. Be2 Bb7 10. O-O d6 11. a3 Nbd7 12. b4 Qc7 13. Rc1 Rac8 14. Nd4 Qb8 15. Bf3
d5 16. cxd5 Nxd5 17. Qb3 e6 18. Nc4 Ba6 19. Rfd1 Rfd8 20. h3 Bxc4 21. Rxc4 Rxc4
22. Qxc4 Ne5 23. Qb3 Nxe3 24. Qxe3 Nc4 25. Qe2 Nxb2 26. Nc6 Rxd1+ 27. Qxd1 Nxd1
28. Nxb8 Nc3 29. Nc6 a6 30. Kf1 Bf6 31. Ke1 Bg5 32. Nb8 a5 33. bxa5 bxa5 34. Nc6
a4 35. Ne5 Kf8 36. Nc4 Ke7 37. Bc6 Bc1 38. g3 Kd8 39. Nb6 Kc7 40. Nxa4 Kxc6 41.
Nxc3 Bxa3 42. Ke2 f5 43. Kd3 e5 44. f3 Bb4 45. Nd1 Bc5 46. Nc3 Bd4 47. Nb1 Kd5
48. Nd2 h5 49. g4 h4 50. gxf5 gxf5 51. Ke2 e4 52. fxe4+ fxe4 53. Nf3 Bf6 54. Nd2
Ke5 55. Nxe4 Kxe4 56. Kf2 Bd4+ 57. Kg2 Kf4 58. Kh1 Kg3 1/2-1/2

[Event "Figueira 2023"]
[Site "?"]
[Date "2023.11.10"]
[Round "7.19"]
[White "Lewtak, Damian"]
[Black "Santos, Antonio P"]
[Result "1-0"]
[BlackElo "2195"]
[WhiteElo "2356"]
[LiveChessVersion "1.4.8"]

1. e4 c5 2. Nf3 Nc6 3. Bb5 g6 4. Bxc6 dxc6 5. d3 Bg7 6. O-O Nf6 7. Qe2 Nd7 8. e5
Nf8 9. h3 Ne6 10. a4 O-O 11. a5 Nd4 12. Nxd4 Qxd4 13. Re1 Be6 14. Nd2 Rfd8 15.
Nf3 Qd5 16. Bg5 Kf8 17. Ra4 h6 18. Bd2 b5 19. axb6 axb6 20. Rea1 Rxa4 21. Rxa4
Kg8 22. Ra7 Rd7 23. Ra3 c4 24. d4 Kh7 25. c3 Bf5 26. Bf4 Qe4 27. Qxe4 Bxe4 28.
Nd2 Bd5 29. f3 f6 30. Ra6 g5 31. Bh2 Rb7 32. exf6 exf6 33. Ne4 b5 34. Nd6 Rd7 35.
Kf2 Bf8 36. Ne8 Kg6 37. Nc7 b4 38. Ke3 h5 39. Kd2 g4 40. Nxd5 cxd5 41. hxg4 hxg4
42. fxg4 Bh6+ 43. Ke2 b3 44. Bd6 Kf7 45. g3 Bc1 46. Ba3 Kg6 47. Kd1 Bg5 48. Rc6
Rh7 49. Rd6 Rh1+ 50. Ke2 Bc1 51. Kf3 Rh2 52. g5 Bxb2 53. Rxf6+ Kg7 54. Bd6 Rh8
55. Kg4 Bxc3 56. Be5 Re8 57. Re6+ Kf7 58. Rf6+ Ke7 59. Rb6 Kd7 60. Kf5 Rf8+ 61.
Kg4 Ba5 62. Rd6+ Kc8 63. Rxd5 b2 64. Rb5 Re8 65. Rxb2 c3 66. Rc2 Kd7 67. Kf5 Kc6
68. d5+ Kxd5 69. Bxc3 Bc7 70. g4 Re3 71. Rd2+ Kc6 72. Bf6 Rf3+ 73. Ke6 Bf4 74.
Rc2+ Kb5 75. g6 1-0

[Event "Figueira 2023"]
[Site "?"]
[Date "2023.11.10"]
[Round "7.20"]
[White "Pablo Mari, Alejandro"]
[Black "Goncalves, Samuel Jesus P"]
[Result "0-1"]
[BlackElo "2136"]
[WhiteElo "2347"]
[LiveChessVersion "1.4.8"]

1. d4 Nf6 2. Bg5 d5 3. Nd2 c5 4. dxc5 e6 5. e3 Bxc5 6. Ngf3 Nc6 7. a3 h6 8. Bh4
O-O 9. c4 Re8 10. Be2 Be7 11. O-O d4 12. exd4 Nxd4 13. Bd3 Nf5 14. Qc2 Nxh4 15.
Nxh4 b6 16. Rad1 Bb7 17. Rfe1 Qc7 18. Nhf3 Rac8 19. Qb1 Red8 20. Ne5 Nd7 21. Bh7+
Kf8 22. Nxd7+ Rxd7 23. Be4 Bxe4 24. Qxe4 Rcd8 25. Qh7 Bg5 0-1

[Event "Figueira 2023"]
[Site "?"]
[Date "2023.11.10"]
[Round "7.21"]
[White "Kistrup, Nicolai"]
[Black "Padeiro, Jose"]
[Result "1/2-1/2"]
[BlackElo "2121"]
[WhiteElo "2330"]
[LiveChessVersion "1.4.8"]

1. d4 {[%clk 1:30:30]} e6 {[%clk 1:26:10]} 2. e4 {[%clk 1:28:36]} d5
{[%clk 1:26:34]} 3. Nc3 {[%clk 1:29:02]} Nf6 {[%clk 1:27:00]} 4. Bg5
{[%clk 1:29:13]} h6 {[%clk 1:27:24]} 5. Bxf6 {[%clk 1:25:08]} Qxf6
{[%clk 1:27:21]} 6. exd5 {[%clk 1:20:05]} Bb4 {[%clk 1:27:03]} 7. Bb5+
{[%clk 1:16:15]} Bd7 {[%clk 1:27:24]} 8. Bxd7+ {[%clk 1:14:57]} Nxd7
{[%clk 1:27:47]} 9. dxe6 {[%clk 1:13:28]} Qxe6+ {[%clk 1:28:11]} 10. Qe2
{[%clk 1:08:56]} Bxc3+ {[%clk 1:28:32]} 11. bxc3 {[%clk 1:09:21]} Qxe2+
{[%clk 1:28:55]} 12. Nxe2 {[%clk 1:05:35]} O-O-O {[%clk 1:29:20]} 13. O-O-O
{[%clk 0:51:48]} Rhe8 {[%clk 1:22:33]} 14. Nf4 {[%clk 0:48:13]} Nf6
{[%clk 1:16:34]} 15. Rde1 {[%clk 0:32:30]} Ne4 {[%clk 1:07:13]} 16. f3
{[%clk 0:29:31]} Nxc3 {[%clk 1:06:41]} 17. Rxe8 {[%clk 0:28:57]} Rxe8
{[%clk 1:06:48]} 18. Kd2 {[%clk 0:28:24]} Nb5 {[%clk 1:03:57]} 19. Kd3
{[%clk 0:27:06]} c6 {[%clk 0:48:43]} 20. h4 {[%clk 0:24:09]} Nc7 {[%clk 0:42:49]}
21. c4 {[%clk 0:19:51]} Ne6 {[%clk 0:39:18]} 22. Nxe6 {[%clk 0:15:21]} Rxe6
{[%clk 0:39:36]} 23. g4 {[%clk 0:10:02]} Kc7 {[%clk 0:31:16]} 24. f4
{[%clk 0:08:26]} b5 {[%clk 0:26:20]} 25. c5 {[%clk 0:03:37]} Re8 {[%clk 0:23:53]}
26. g5 {[%clk 0:02:16]} Rh8 {[%clk 0:14:40]} 27. h5 {[%clk 0:02:08]} Kd7
{[%clk 0:15:00]} 28. Rg1 {[%clk 0:01:12]} hxg5 {[%clk 0:12:51]} 29. Rxg5
{[%clk 0:01:38]} Rh7 {[%clk 0:13:09]} 30. Ke4 {[%clk 0:01:05]} a5
{[%clk 0:08:52]} 31. d5 {[%clk 0:01:17]} f6 {[%clk 0:07:41]} 32. dxc6+
{[%clk 0:01:34]} Kxc6 {[%clk 0:08:00]} 33. Rd5 {[%clk 0:01:49]} Rh8
{[%clk 0:04:23]} 34. Kd4 {[%clk 0:02:10]} Kc7 {[%clk 0:03:53]} 35. Rd6
{[%clk 0:00:33]} Rxh5 {[%clk 0:04:04]} 36. Ra6 {[%clk 0:00:47]} Rf5
{[%clk 0:02:09]} 37. Ra7+ {[%clk 0:00:55]} Kc6 {[%clk 0:02:14]} 38. Ra6+
{[%clk 0:01:21]} Kc7 {[%clk 0:01:20]} 39. Ra7+ {[%clk 0:01:37]} Kc6
{[%clk 0:01:20]} 40. Ke4 {[%clk 0:31:00]} 1/2-1/2

[Event "Figueira 2023"]
[Site "?"]
[Date "2023.11.10"]
[Round "7.22"]
[White "Namini, Armin"]
[Black "Walter, Szymon"]
[Result "0-1"]
[BlackElo "2328"]
[WhiteElo "2187"]
[LiveChessVersion "1.4.8"]

1. c4 {[%clk 1:30:57]} Nf6 {[%clk 1:29:12]} 2. Nc3 {[%clk 1:30:45]} g6
{[%clk 1:28:41]} 3. e4 {[%clk 1:30:04]} d6 {[%clk 1:28:56]} 4. d4
{[%clk 1:30:26]} Bg7 {[%clk 1:29:18]} 5. h3 {[%clk 1:30:40]} O-O {[%clk 1:28:23]}
6. Nf3 {[%clk 1:31:04]} c5 {[%clk 1:27:32]} 7. d5 {[%clk 1:31:29]} e6
{[%clk 1:26:42]} 8. Bd3 {[%clk 1:31:52]} exd5 {[%clk 1:26:57]} 9. cxd5
{[%clk 1:32:15]} Re8 {[%clk 1:20:20]} 10. O-O {[%clk 1:32:25]} a6
{[%clk 1:13:04]} 11. a4 {[%clk 1:32:41]} Qc7 {[%clk 1:13:14]} 12. Re1
{[%clk 1:32:05]} Nbd7 {[%clk 0:53:44]} 13. Bf4 {[%clk 1:29:17]} Rb8
{[%clk 0:53:38]} 14. Bh2 {[%clk 1:27:42]} c4 {[%clk 0:47:09]} 15. Bf1
{[%clk 1:26:52]} Ne5 {[%clk 0:46:10]} 16. Nxe5 {[%clk 1:12:56]} dxe5
{[%clk 0:46:33]} 17. a5 {[%clk 1:13:06]} Bd7 {[%clk 0:45:41]} 18. Qd2
{[%clk 1:10:01]} Bf8 {[%clk 0:38:11]} 19. Na4 {[%clk 1:05:33]} Bb5
{[%clk 0:37:09]} 20. Kh1 {[%clk 1:02:31]} Bd6 {[%clk 0:35:19]} 21. f3
{[%clk 1:00:42]} Qe7 {[%clk 0:32:47]} 22. Red1 {[%clk 0:50:17]} Nd7
{[%clk 0:30:10]} 23. Qh6 {[%clk 0:28:13]} Rbc8 {[%clk 0:25:38]} 24. h4
{[%clk 0:22:38]} Qd8 {[%clk 0:16:00]} 25. h5 {[%clk 0:19:37]} Qh4
{[%clk 0:09:29]} 26. g3 {[%clk 0:18:41]} Qf6 {[%clk 0:09:47]} 27. hxg6
{[%clk 0:15:43]} hxg6 {[%clk 0:10:09]} 28. Bg2 {[%clk 0:12:42]} Bxa4
{[%clk 0:08:33]} 29. Rxa4 {[%clk 0:13:07]} c3 {[%clk 0:08:57]} 30. bxc3
{[%clk 0:10:24]} Rxc3 {[%clk 0:09:21]} 31. Qh4 {[%clk 0:09:14]} Qxh4
{[%clk 0:05:58]} 32. gxh4 {[%clk 0:09:37]} Nc5 {[%clk 0:05:56]} 33. Ra2
{[%clk 0:09:31]} Kg7 {[%clk 0:04:08]} 34. h5 {[%clk 0:08:21]} gxh5
{[%clk 0:03:00]} 35. Rg1 {[%clk 0:06:36]} Rg8 {[%clk 0:03:10]} 36. Rb2
{[%clk 0:02:57]} Kf8 {[%clk 0:03:06]} 37. Bf1 {[%clk 0:02:08]} Rxf3
{[%clk 0:01:29]} 38. Rb6 {[%clk 0:02:36]} Rxg1+ {[%clk 0:01:18]} 39. Kxg1
{[%clk 0:03:03]} Nxe4 {[%clk 0:01:27]} 0-1